Map the Antarctic Quiz Stats

Quiz not verified by Sporcle

Challenge
Share
Tweet
*Numbers ask for (1-2,11) countries with mainland area South of 40°S, (3-10) dependencies & areas, and (12-18) the claimed area or country claiming that area, letters (A-M) ask for geographic features
Score 0/33 Timer 06:00
0 Plays Today
Entity % Correct
1Chile
98.7%
2Argentina
98.1%
3Falkland Islands
90.5%
10Tasmania
78.9%
11New Zealand
77.9%
16Queen Maud Land
56.2%
13Commune of Antártica
55.7%
12Ross Dependency
55.3%
14British Antarctic Territory
55.3%
15Antártida Argentina Department
54.3%
17Australian Antarctic Territory
54.1%
MSouth Island
51.5%
4South Georgia & South Sandwich Islands
51.3%
ONorth Island
51%
18Adélie Land
49.4%
5Bouvet Island
48.7%
GRoss Ice Shelf
41.8%
Entity % Correct
8Kerguelen Islands
37.7%
6Prince Edward Islands
35.9%
BSouth Shetland Islands
33.4%
ASouth Orkney Islands
32.9%
9Heard Island & McDonald Islands
32.4%
7Crozet Islands
32%
NChatham Islands
28.5%
EPeter I Island
27.6%
LAuckland Islands
27.5%
KStewart Island/Rakiura
25.7%
CLarsen Ice Shelf
25.4%
IMacquarie Island
25.2%
DFilchner-Ronne Ice Shelf
23.8%
JCampbell Islands
23.4%
FAmery Ice Shelf
23.3%
HBalleny Islands
21.8%

You're not logged in!

Compare scores with friends on all Sporcle quizzes.
Sign Up with Email
OR
Log In

You Might Also Like...

Show Comments

Extras

Top Quizzes Today


Score Distribution

Your Account Isn't Verified!

In order to create a playlist on Sporcle, you need to verify the email address you used during registration. Go to your Sporcle Settings to finish the process.